Dienstgrade der schweizer Armee Part 2 - Statistiken

Allgemein
  • Dieses Quiz wurde 8 mal gespielt
  • Das Durchschnittsergebnis liegt bei 10 aus 11
Antwortstatistiken
Bildquiz Antwort % Korrekt
Brigadier
100%
General
100%
Hauptmann
100%
Leutnant
100%
Oberleutnant
100%
Oberst
100%
Oberstleutnant
100%
Divisionär
80%
Fachoffizier
80%
Major
80%
Korpskommandant
60%
Keine übereinstimmenden Quizze gefunden
Verteilung der Resultate
Anzahl Personen mit jedem Resultat
Perzentil nach korrekt beantworteten Fragen
Ihre Resultats-Entwicklung
Sie haben dieses Quiz noch nicht gespielt